• 首页
  • 本馆介绍
  • 公告通知
  • 最新文献
  • 馆藏检索
  • 电子资源
  • 读者导购
  • 参考咨询
  • 我的图书馆
  • 登录
  • 详细信息显示
  • 放入我的书架
  • 预约/预借图书
  • 作者相关作品
  • 分类相关作品
  • 丛书相关作品
  • 出版社相关作品

书目信息

  • 表格格式
  • 工作单格式
  • 卡片格式
题名:
中华人民共和国国家赔偿法
    
 
作者: 第八届全国人大常委会第七次会议通过
分册:  
出版信息: 北京   法律出版社  1994.6
页数: 17页
开本: 32开
丛书名:
单 册:
中图分类: D922.11
科图分类:
主题词: 法律--中国
电子资源:
ISBN: 7-5036-1522-2
000 00713nam0 2200217 45
001 0006260924
005 20031219104045.8
010    @a7-5036-1522-2@dCNY2.10
100    @a20000626d1994 km y0chiy0120 ea
101    @achi
105    @a z 000yy
200 1  @a中华人民共和国国家赔偿法@f第八届全国人大常委会第七次会议通过@FDi Ba Jie Quan Guo Ren Da Chang Wei Hui Di Qi Ci Hui Yi Tong Guo
210    @a北京@c法律出版社@d1994.6
215    @a17页@d32开
315    @a1994年5月12日通过,自1995年1月1日起施行
605    @a国家赔偿法@y中华人民共和国
606 0  @a法律@y中国
690    @aD922.11@v1
701  0 @a第八届全国人大常委会第七次会议通过
801    @aCN@bTSTC@c20000626
905    @f2@b289264-265@dD922.11@e283
    
    中华人民共和国国家赔偿法/第八届全国人大常委会第七次会议通过.-北京:法律出版社,1994.6
    17页;32开
    
    
    ISBN 7-5036-1522-2:CNY2.10
    
●
相关链接 在E读中查询图书 在五车中查询图书 在当当中查询图书 在豆瓣中查询图书


正题名:中华人民共和国国家赔偿法     索取号:D922.11/283         预约/预借

序号 登录号 条形码 馆藏地/架位号 状态 备注
1 0289264   002892640   第一借阅区/ [索取号:D922.11/283] 在馆    
2 0289265   002892659   第一样本阅览室/ [索取号:D922.11/283] 在馆    
唐山师范学院图书馆 欢迎您!
大连网信软件有限公司© 版权所有